00594nam a2200205Ia 4500003000400000005001700004008004100021020001500062040001800077041000800095082002200103245008000125250001200205260005000217300002200267650002200289650003600311700002400347700001700371OSt20220716103700.0210716s1997 xx 000 0 und d a8173191239 cAIMIT LIBRARY aeng a515.352 21bBHAJ aModelling of complex systems /cEdited by J K Bhattacharjee and A K Mallik. a1st ed. aNew Delhi :bNarosa Publishing House ,c1997. av,439p. ;c23 cm. aDynamical systems aNonlinear mechanical vibrations aBhattacharjee, J K. aMallik, A K.